000 00390nam a2200121 4500
999 _c15162
_d15162
008 200305b ||||| |||| 00| 0 eng d
100 _941917
_aPerez, Ace June Rell S.
_eAuthor.
245 _aHire more SHS grads, say/
_cAce June Rell S. Perez.
260 _aDavao City, Philippines;
_bSunstar Davao,
_c©2019.
300 _apage 6;
_c29.5cm.
650 _aEmployment.
_941918
942 _2ddc
_cPER